[Event "Warsaw Najdorf Memorial op-B"]
[Site "Warsaw"]
[Date "2022.07.13"]
[Round "5"]
[White "Poniewierski, Piotr"]
[Black "Prokopiuk, Jakub"]
[Result "0-1"]
[WhiteElo "1747"]
[BlackElo "1481"]
[PlyCount "88"]
[EventDate "2022.07.09"]
[EventType "swiss"]
[EventRounds "9"]
[EventCountry "POL"]
[SourceTitle "CBM 209 Extra"]
[Source "ChessBase"]
[SourceDate "2022.09.30"]
[SourceVersion "1"]
[SourceVersionDate "2022.09.30"]
[SourceQuality "1"]

1. Nf3 d5 2. d4 Nf6 3. g3 e6 4. Bg2 Be7 5. c4 0-0 6. 0-0 c6 7. Nbd2 b6 8. Qc2 Na6 9. e4 Bb7 10. e5 Nd7 11. cxd5 cxd5 12. a3 Rc8 13. Qa4 Nab8 14. Re1 Nc6 15. Nf1 Na5 16. Ne3 Qc7 17. Bd2 Nc4 18. Rac1 Bc6 19. Qc2 b5 20. Bb4 Bxb4 21. axb4 Nxe3 22. Rxe3 Nb6 23. Rc3 Qd7 24. Rxc6 Rxc6 25. Qxc6 Rc8 26. Qxc8+ Nxc8 27. Bf1 Nb6 28. Ne1 g6 29. Nd3 Nc8 30. Nc5 Qc6 31. Ra1 Qb6 32. Ra5 Qd8 33. Bxb5 Qg5 34. Nb3 Qg4 35. Ra1 Qf3 36. Nd2 Qg4 37. Nb3 Qe4 38. Rc1 Ne7 39. Rc7 Qe1+ 40. Bf1 Qxb4 41. Rc3 a5 42. Rd3 Nc6 43. Be2 a4 44. Nc5 Qxb2 0-1

[Event "Warsaw Najdorf Memorial op-B"]
[Site "Warsaw"]
[Date "2022.07.11"]
[Round "3"]
[White "Prokopiuk, Jakub"]
[Black "Przybylski, Jan"]
[Result "1/2-1/2"]
[WhiteElo "1481"]
[BlackElo "1685"]
[PlyCount "83"]
[EventDate "2022.07.09"]
[EventType "swiss"]
[EventRounds "9"]
[EventCountry "POL"]
[SourceTitle "CBM 209 Extra"]
[Source "ChessBase"]
[SourceDate "2022.09.30"]
[SourceVersion "1"]
[SourceVersionDate "2022.09.30"]
[SourceQuality "1"]

1. e4 c5 2. Nf3 e6 3. d4 cxd4 4. Nxd4 Nf6 5. Nc3 d6 6. g4 h6 7. Rg1 Nc6 8. Be3 d5 9. exd5 Nxd5 10. Nxd5 exd5 11. Qd2 Bd6 12. 0-0-0 Bxh2 13. Rg2 Be5 14. Bb5 Qd6 15. c3 Bd7 16. Nf3 0-0-0 17. Qxd5 Be6 18. Qxd6 Bxd6 19. a3 Bc7 20. Nd4 Nxd4 21. Bxd4 Bf4+ 22. Kc2 Rhg8 23. Bd3 a6 24. Bh7 Rh8 25. Bf5 Bxf5+ 26. gxf5 Rhg8 27. Rdg1 Bg5 28. f4 Bxf4 29. Rxg7 Rxg7 30. Rxg7 Rd7 31. Kd3 Kc7 32. a4 Bg5 33. Ke4 Kd6 34. Rg8 Rd8 35. Rg7 Ke7 36. Rh7 Kf8 37. f6 Kg8 38. Rg7+ Kf8 39. Rh7 Ke8 40. Ke5 Rc8 41. Rh8+ Kd7 42. Rh7 1/2-1/2

[Event "Poronin Tatra Limba op-B"]
[Site "Poronin"]
[Date "2021.05.26"]
[Round "6.10"]
[White "Bartoszczuk, Adam"]
[Black "Prokopiuk, Jakub"]
[Result "1-0"]
[WhiteElo "1448"]
[BlackElo "1364"]
[PlyCount "97"]
[EventDate "2021.05.22"]
[EventType "swiss"]
[EventRounds "9"]
[EventCountry "POL"]
[SourceTitle "EXT 2022"]
[Source "ChessBase"]
[SourceDate "2021.10.06"]
[SourceVersion "1"]
[SourceVersionDate "2021.10.06"]
[SourceQuality "1"]

1. e4 c6 2. d4 d5 3. Nd2 dxe4 4. Nxe4 Bf5 5. Ng3 Bg6 6. h4 h6 7. Nf3 Nd7 8. h5 Bh7 9. Bd3 Bxd3 10. Qxd3 e6 11. Bf4 Qa5+ 12. Bd2 Bb4 13. Ne4 Ngf6 14. Nd6+ Ke7 15. Nxb7 Qb6 16. Qb3 Nd5 17. a3 Bxd2+ 18. Nxd2 Qxd4 19. 0-0-0 Rab8 20. Na5 Ne5 21. Qa2 Nc3 22. Nxc6+ Nxc6 23. bxc3 Qxc3 24. Nb3 Ne5 25. Rh3 Qc7 26. a4 Nc4 27. Rhd3 Rhd8 28. Rxd8 Rxd8 29. Rxd8 Qxd8 30. Qa1 Kf8 31. Qc3 Qg5+ 32. Kb1 Nb6 33. Qc7 Qd5 34. Qxa7 Nc4 35. Qc5+ Qxc5 36. Nxc5 Ke7 37. Ka2 Kd6 38. Nd3 f5 39. Kb3 Na5+ 40. Kc3 Nb7 41. Kd4 Na5 42. Ne5 Nb7 43. f4 Nc5 44. a5 Na6 45. c4 Nb8 46. c5+ Kc7 47. Kc4 Kb7 48. c6+ Kc7 49. Kb5 1-0

[Event "Poronin Tatra Limba op-B"]
[Site "Poronin"]
[Date "2021.05.25"]
[Round "5.5"]
[White "Prokopiuk, Jakub"]
[Black "Lazniewska, Zofia"]
[Result "0-1"]
[WhiteElo "1364"]
[BlackElo "1548"]
[PlyCount "116"]
[EventDate "2021.05.22"]
[EventType "swiss"]
[EventRounds "9"]
[EventCountry "POL"]
[SourceTitle "EXT 2022"]
[Source "ChessBase"]
[SourceDate "2021.10.06"]
[SourceVersion "1"]
[SourceVersionDate "2021.10.06"]
[SourceQuality "1"]

1. e4 c5 2. Nf3 Nc6 3. d4 cxd4 4. Nxd4 e5 5. Nb5 a6 6. Nd6+ Bxd6 7. Qxd6 Qe7 8. Qd1 Nf6 9. Nc3 d6 10. Bg5 Be6 11. Nd5 Bxd5 12. exd5 Nb8 13. Qf3 Nbd7 14. Be2 Rc8 15. c4 0-0 16. 0-0 h6 17. Bh4 Rb8 18. Rfe1 Rfc8 19. b3 b5 20. Qh3 bxc4 21. Bxc4 a5 22. f4 Nb6 23. fxe5 dxe5 24. Qd3 Nxc4 25. bxc4 Qc5+ 26. Bf2 Qxc4 27. Qxc4 Rxc4 28. d6 Nd7 29. Rec1 Rbc8 30. Rcb1 R4c6 31. Rd1 f6 32. h3 Kf7 33. Rd5 Rc1+ 34. Rxc1 Rxc1+ 35. Kh2 Rc2 36. Be1 Rxa2 37. Rxa5 Rxa5 38. Bxa5 Ke6 39. Bb4 Nb6 40. Kg3 g6 41. h4 h5 42. Kf3 Nc4 43. d7 Kxd7 44. g4 hxg4+ 45. Kxg4 Ne3+ 46. Kf3 Nf5 47. Kg4 Ke6 48. Bc5 Nh6+ 49. Kf3 Kf5 50. Be3 Ng4 51. Bc5 e4+ 52. Ke2 Kf4 53. Bd6+ Ne5 54. Be7 Kf5 55. Ke3 Nc4+ 56. Ke2 Ke6 57. Bc5 Ke5 58. Be7 Nd6 0-1

[Event "Poronin Tatra Limba op-B"]
[Site "Poronin"]
[Date "2021.05.24"]
[Round "3.8"]
[White "Ptaszynski, Szymon"]
[Black "Prokopiuk, Jakub"]
[Result "1/2-1/2"]
[WhiteElo "1529"]
[BlackElo "1364"]
[PlyCount "86"]
[EventDate "2021.05.22"]
[EventType "swiss"]
[EventRounds "9"]
[EventCountry "POL"]
[SourceTitle "EXT 2022"]
[Source "ChessBase"]
[SourceDate "2021.10.06"]
[SourceVersion "1"]
[SourceVersionDate "2021.10.06"]
[SourceQuality "1"]

1. e4 c6 2. d4 d5 3. Bd3 dxe4 4. Bxe4 Nf6 5. Bf3 Bf5 6. Ne2 e6 7. c3 Bd6 8. Ng3 Bg6 9. Nd2 Nbd7 10. Nc4 Bc7 11. 0-0 0-0 12. Re1 Re8 13. Bg5 e5 14. dxe5 Nxe5 15. Nxe5 Bxe5 16. Qb3 Qc7 17. Bxf6 Bxf6 18. Ne4 Be5 19. g3 b6 20. Bg2 Rad8 21. Qa4 a5 22. Qb3 b5 23. a4 Rb8 24. Kh1 bxa4 25. Qxa4 Rxb2 26. f4 f5 27. Ng5 Bxc3 28. Qc4+ Kh8 29. Qxc3 Qb6 30. Qxc6 Qb8 31. Rxe8+ Bxe8 32. Qc1 a4 33. Qe1 a3 34. Bd5 a2 35. Qe6 Bh5 36. Bxa2 Rxh2+ 37. Kg1 Rg2+ 38. Kxg2 Qb2+ 39. Kf1 Qxa1+ 40. Kf2 Qb2+ 41. Kf1 Qa1+ 42. Kf2 Qb2+ 43. Kf1 Qa1+ 1/2-1/2

[Event "Poronin Tatra Limba op-B"]
[Site "Poronin"]
[Date "2021.05.23"]
[Round "2.3"]
[White "Prokopiuk, Jakub"]
[Black "Jaworski, Tymon"]
[Result "1/2-1/2"]
[WhiteElo "1364"]
[BlackElo "1573"]
[PlyCount "142"]
[EventDate "2021.05.22"]
[EventType "swiss"]
[EventRounds "9"]
[EventCountry "POL"]
[SourceTitle "EXT 2022"]
[Source "ChessBase"]
[SourceDate "2021.10.06"]
[SourceVersion "1"]
[SourceVersionDate "2021.10.06"]
[SourceQuality "1"]

1. e4 e6 2. d4 d5 3. e5 c5 4. c3 Qb6 5. Nf3 Bd7 6. a3 a5 7. Be2 Bb5 8. c4 Bxc4 9. Bxc4 dxc4 10. d5 Ne7 11. Qa4+ Nd7 12. dxe6 Qxe6 13. Nc3 Nc6 14. Nb5 Rc8 15. 0-0 Be7 16. Re1 0-0 17. Bg5 Nb6 18. Qc2 Rcd8 19. Nd6 Rd7 20. Rad1 Bxd6 21. exd6 Qg6 22. Qxg6 hxg6 23. Be7 Re8 24. Ng5 Nc8 25. Ne4 b6 26. Bh4 Kf8 27. Bg3 Nd4 28. Nd2 Rxe1+ 29. Rxe1 b5 30. Ne4 Ne6 31. f3 f5 32. Nc3 Nd4 33. Re5 Nxd6 34. Rxc5 Nb7 35. Re5 b4 36. axb4 axb4 37. Na4 Re7 38. Rd5 Ne2+ 39. Kf2 Nxg3 40. hxg3 Rc7 41. Rb5 b3 42. Nc3 Nc5 43. Nd1 Nd3+ 44. Ke2 Ke7 45. Kd2 Kd6 46. Rb6+ Rc6 47. Rb7 Nxb2 48. Nxb2 c3+ 49. Kc1 cxb2+ 50. Kxb2 Rc2+ 51. Kxb3 Rxg2 52. Rb6+ Ke7 53. Rxg6 Kf7 54. Rg5 Kf6 55. f4 Rd2 56. Kc3 Rd8 57. Kc4 g6 58. Kc3 Kg7 59. Kc4 Kh6 60. Kc3 Rd5 61. Kc4 Rd1 62. Kc3 Rh1 63. Kd3 Rh5 64. Rxh5+ Kxh5 65. Ke3 Kg4 66. Kf2 Kh3 67. Kf3 Kh2 68. Kf2 Kh1 69. Kf1 Kh2 70. Kf2 Kh3 71. Kf3 Kh2 1/2-1/2